| 000 -ლიდერი |
| ფიქსირებული სიგრძის საკონტროლო ველი |
01863nam a2200241Ia 4500 |
| 001 - საკონტროლო ნომერი |
| საკონტროლო ველი |
20713 |
| 003 - საკონტროლო ნომრის იდენტიფიკატორი |
| საკონტროლო ველი |
GE_BSU |
| 005 - ბოლო ოპერაციის თარიღი და დრო |
| საკონტროლო ველი |
20210329160002.0 |
| 008 - ფიქსირებული სიგრძის მონაცემთა ელემენტები - ზოგადი ინფორმაცია |
| ფიქსირებული სიგრძის საკონტროლო ველი |
181216s2017||||ge |||||||||||||| ||geo|| |
| 040 ## - კატალოგიზაციის წყარო |
| Transcribing agency |
GE_BSU |
| 041 ## - ენის კოდი |
| Language code of text/sound track or separate title |
geo |
| 080 ## - უნივერსალური ათობითი კლასიფიკაციის ინდექსი |
| Universal Decimal Classification number |
51 ბ-19 |
| 100 ## - მთავარი ჩანაწერი - პიროვნების სახელი |
| Personal name |
ბაკურიძე, ალექსანდრე |
| 9 (RLIN) |
10797 |
| 245 ## - ცნობა სათაურის შესახებ |
| Title |
∑1(X,2),∑1(X,3),∑4(X,8) კლასის ნახევარმესერებით განსაზღვრული ბინარულ მიმართებათა სრული ნახევარჯგუფები / |
| Remainder of title |
ალექსანდრე ბაკურიძე; სამეცნ. ხელმძღვანელი პროფესორი იაშა დიასამიძე; ბათუმის შოთა რუსთაველის სახელმწიფო უნ-ტი, მათემატიკის დეპარტამენტი. |
| 264 ## - წარმოების, გამოცემის, დისტრიბუციის და სხვა ცნობები |
| გამოცემის, წარმოების, დისტრიბუციის... ადგილი |
ბათუმი. |
| გამოცემის, წარმოების, დისტრიბუციის... სახელწოდება |
ბათუმის შოთა რუსთაველის სახელმწ. უნ-ტი, |
| გამოცემის, წარმოების, დისტრიბუციის... თარიღი |
2017. |
| 300 ## - ფიზიკური აღწერა |
| Extent |
198 გვ; |
| Other physical details |
30 სმ. |
| 653 ## - INDEX TERM--UNCONTROLLED |
| Uncontrolled term |
∑1(X,2),∑1(X,3),∑4(X,8) კლასის ნახევარმესერებით განსაზღვრული ბინარულ მიმართებათა სრული ნახევარჯგუფები |
| 653 ## - INDEX TERM--UNCONTROLLED |
| Uncontrolled term |
დისერტაცია |
| 653 ## - INDEX TERM--UNCONTROLLED |
| Uncontrolled term |
მათემატიკა |
| 700 ## - ADDED ENTRY--PERSONAL NAME |
| Personal name |
დიასამიძე, იაშა |
| Relator term |
სამეცნ. ხელმძღვანელი |
| 9 (RLIN) |
4093 |
| 710 ## - ADDED ENTRY--CORPORATE NAME |
| Corporate name or jurisdiction name as entry element |
ბათუმის შოთა რუსთაველის სახელმწიფო უნ-ტი; |
| Subordinate unit |
მათემატიკის დეპარტამენტი |
| 9 (RLIN) |
10798 |
| 942 ## - ADDED ENTRY ELEMENTS (KOHA) |
| Koha item type |
წიგნი |
| Source of classification or shelving scheme |
|